Plastic surgery (Record no. 114940)

MARC details
000 -LEADER
fixed length control field 00875mam a2200265 a 4500
008 - FIXED-LENGTH DATA ELEMENTS--GENERAL INFORMATION
fixed length control field
020 ## - INTERNATIONAL STANDARD BOOK NUMBER
International Standard Book Number 0721615147 (set)(hbk.)
049 ## - LOCAL HOLDINGS (OCLC)
Holding library MAIN
090 ## - LOCALLY ASSIGNED LC-TYPE CALL NUMBER (OCLC); LOCAL CALL NUMBER (RLIN)
Classification number (OCLC) (R) ; Classification number, CALL (RLIN) (NR) RD118
Local cutter number (OCLC) ; Book number/undivided call number, CALL (RLIN) PLA
003 - CONTROL NUMBER IDENTIFIER
control field
005 - DATE AND TIME OF LATEST TRANSACTION
control field 20230120203957.0
040 ## - CATALOGING SOURCE
Transcribing agency NUST
245 00 - TITLE STATEMENT
Title Plastic surgery
Number of part/section of a work Vol. 6. :
Remainder of title the trunk and lower extremeity /
Statement of responsibility, etc. edited by Joseph G. McCarthy, James W May and J. William Littler.
260 ## - PUBLICATION, DISTRIBUTION, ETC.
Place of publication, distribution, etc. Philadelphia :
Name of publisher, distributor, etc. W. B. Saunders,
Date of publication, distribution, etc. 1990.
300 ## - PHYSICAL DESCRIPTION
Extent viii, 3675-4245 [75] p. :
Other physical details ill. ;
Dimensions 27 cm.
504 ## - BIBLIOGRAPHY, ETC. NOTE
Bibliography, etc. note Includes bibliographical references.
500 ## - GENERAL NOTE
General note Includes index.
650 #0 - SUBJECT ADDED ENTRY--TOPICAL TERM
Topical term or geographic name entry element Surgery, Plastic.
650 #2 - SUBJECT ADDED ENTRY--TOPICAL TERM
Topical term or geographic name entry element Reconstructive Surgical Procedures.
700 1# - ADDED ENTRY--PERSONAL NAME
Personal name McCarthy, Joseph G.
700 1# - ADDED ENTRY--PERSONAL NAME
Personal name May, James W.
700 1# - ADDED ENTRY--PERSONAL NAME
Personal name Littler, J. William.
907 ## - LOCAL DATA ELEMENT G, LDG (RLIN)
a .b10254444
b 19-07-12
c 15-04-08
942 ## - ADDED ENTRY ELEMENTS (KOHA)
Koha item type Ordinary Loan Books
Call number prefix RD118
Call number suffix PLA
Holdings
Date last seen Total Checkouts Full call number Barcode Cost, replacement price Price effective from Koha item type Lost status Source of classification or shelving scheme Damaged status Not for loan Collection Withdrawn status Home library Current library Shelving location Date acquired Cost, normal purchase price
01/20/2023   RD118 PLA 92004004829 80.00 01/20/2023 BOOKS   LCC     NFIC   Medical Medical GEN 01/20/2023 80.00